Yerel hükümet : Gültepe : (Kayıt no. 10329)

MARC ayrıntıları
000 -BAŞLIK
Sabit Uzunluktaki Kontrol Alanı 00854nam a22002537a 4500
003 - KONTROL NUMARASI KİMLİĞİ
Kontrol Alanı KOHA_MİRAKIL
005 - EN SON İŞLEM TARİHİ ve ZAMANI
Kontrol Alanı 20260424100947.0
008 - SABİT UZUNLUKTAKİ VERİ ÖGELERİ - GENEL BİLGİ
Sabit Alan 260421b tu ||||| |||| 00| 0 tur d
020 ## - ISBN - ULUSLARARASI STANDART KİTAP NUMARASI
Isbn 9789750538483
040 ## - KATALOGLAMA KAYNAĞI
Özgün Kataloglama Kurumu TR-AnABB
Kataloglama Dili tur
Çeviri Kurumu TR-AnABB
041 ## - DİL KODU
Metin ya da ses kaydının dil kodu tur
082 ## - DEWEY ONU SINIFLAMA SİSTEMİ
Sınıflama Numarası 352.007 095 621
Cutter numarası GUL 2025
100 1# - KİŞİ ADI
Yazar Adı (Kişi adı) Gülpınar, Turgay
245 10 - ESER ADI BİLDİRİMİ
Başlık Yerel hükümet : Gültepe :
Alt Eseradı vb. Bir özerklik deneyimi (1973-1980) /
Sorumluluk Bildirimi Turgay Gülpınar
246 ## - DEĞİŞİK BAŞLIK FORMU
Başlık uygun / kısa başlık Gültepe
250 ## - BASIM BİLDİRİMİ
Basım Bildirimi 1. baskı
260 ## - YAYIN, DAĞITIM, VB.
Yayın Yeri İstanbul :
Yayınevi İletişim Yayınları ,
Yayın Tarihi 2025
300 ## - FİZİKSEL TANIMLAMA
Sayfa, Cilt vb. 432 sayfa ;
Boyutları 20 cm
505 ## - İÇİNDEKİLER NOTU
İçindekiler Notu İçindekiler: Yerel Özerklik - Türkiye'de Yerel Özerklik - Gültepe Deneyimi
650 04 - KONU BAŞLIĞI EK GİRİŞ - KONU TERİMİ
Konusal terim veya coğrafi ad Yerel yönetimler, Türkiye, Gültepe
650 04 - KONU BAŞLIĞI EK GİRİŞ - KONU TERİMİ
Konusal terim veya coğrafi ad Yerel özerklik, Türkiye
900 ## - YEREL BİLGİ
Kontrol Can ÇELIK
942 ## - EK GİRİŞ ÖGELERİ (KOHA)
Sınıflama Kaynağı Dewey Decimal Classification
Materyal Türü Kitap
Mevcut
Geri Çekilme Durumu Kayıp Durumu Sınıflandırma Kaynağı Kredi için değil Kalıcı Konum Mevcut Konum Kayıt Tarih Toplam Ödünçverme Yer Numarası Demirbaş Numarası Son Görülme Tarihi Fatura Tarihi Materyal Türü
    Dewey Decimal Classification   Prof. Dr. Ruşen Keleş Kütüphanesi Prof. Dr. Ruşen Keleş Kütüphanesi 21/04/2026   352.007 095 621 GUL 2025 RK7235 21/04/2026 21/04/2026 Kitap